Ελαιοκαλλιέργεια και υδατικοί πόροι : η περίπτωση της νήσου Θάσου

Saved in:
Bibliographic Details
Main Author: Χαμντάν, Αναστασία-Νατάσα
Corporate Author: Πανεπιστήμιο Αιγαίου Σχολή Περιβάλλοντος Τμήμα Περιβάλλοντος Πρόγραμμα Μεταπτυχιακών Σπουδών Περιβαλλοντική Πολιτική και Διαχείριση
Format: Thesis Book
Language:Greek
Published: 2009.
Subjects:
Online Access:http://hdl.handle.net/11610/15015
Tags: Add Tag
No Tags, Be the first to tag this record!

MARC

LEADER 00000cam a2200000 i 4500
001 1/1882
008 091007s2009 gr | ||| |||| ||gre||
035 |l 10105768 
040 |a GR-MyUa  |b gre  |e AACR2 
041 0 |a gre 
082 7 |a 338.1   |2 (22) 
100 1 |a Χαμντάν, Αναστασία-Νατάσα. 
245 1 0 |a Ελαιοκαλλιέργεια και υδατικοί πόροι :   |b η περίπτωση της νήσου Θάσου /   |c Χαμντάν Αναστασία-Νατάσα ; [επίβλεψη]: Π. Γαγάνης. 
260 |c 2009. 
300 |a 108 σ. :   |b πιν. ;   |c 30 εκ. 
502 |a Διατριβή (μεταπτυχιακή) – Πανεπιστήμιο Αιγαίου, Λέσβος, 2009. 
504 |a Βιβλιογραφία: σ. 104-108. 
650 0 0 |a Water in agriculture  |z Greece  |z Thasos Island. 
650 0 0 |a Agriculture  |z Greece  |z Thasos Island. 
650 0 0 |a Water resources development  |z Greece  |z Thasos Island. 
650 0 0 |a Dissertations, Academic  |z Greece. 
651 0 |a Thasos Island (Greece)  |x Environmental conditions. 
700 1 |a Γαγάνης, Πέτρος,  |e dgs 
710 2 |a Πανεπιστήμιο Αιγαίου  |b Σχολή Περιβάλλοντος  |b Τμήμα Περιβάλλοντος  |b Πρόγραμμα Μεταπτυχιακών Σπουδών Περιβαλλοντική Πολιτική και Διαχείριση. 
852 |a INST  |b LESVOS  |c DIATR  |e 20091007  |h 589  |p 005100046375  |q 005100046375  |t MTXE  |y 23 
852 |a INST  |b LESVOS  |c DIATR  |e 20091007  |h 590  |p 005100046376  |q 005100046376  |t MTXE  |y 23 
856 |u http://hdl.handle.net/11610/15015 
901 |a BIBL1-2009-3 
924 |a Χαμντάν  |b Αναστασία-Νατάσα  |y Λέσβος  |z 2009-05 
970 |a ΤΖΑΦΕΡΗ  |b ΕΥΑΓΓΕΛΙΑ  |z 2009/10/07